000 00877nam a2200301Mi 4500
001 57174
005 20230410130402.0
008 061120s2006 sp 000 0 spa d
035 _a(OCoLC)ocm76858536
040 _aPL#
_bspa
_cPL#
020 _a8497257286
020 _a9788497257282
029 0 _aPL#
_b060024835
035 _a(OCoLC)76858536
049 _aGRAL
050 1 4 _aP 962 2006
245 0 0 _aProntuario del abogado /
_c[coordinadores, Silvia Hinojal López, Valentín J. Sebastián Chena].
250 _a1a ed.
260 _aLas Rozas, Madrid :
_bLa Ley,
_c2006.
300 _a657 p. ;
_c19 cm.
653 _aDerecho
_aEspaña.
700 1 _aHinojal López, Silvia,
_ecoord.
700 1 _aSebastián Chena, Valentín J,
_ecoord.
938 _aPuvill Libros
_bPUVL
_n8497257286
_c$115.47
942 _2lcc
_cbk
946 _aclperez
994 _aC0
_bDRFGD
999 _c73809
_d73809